Declaración de impacto ambiental: Manejo de riels de la bodega de vinos Loma Larga. Sistema de disposición de residuos industriales líquidos y sólidos. Adenda N§ 1. Fundo Loma Larga, ruta 68, comuna de Casablanca, provincia de Valparaíso, V región

Salvato in:
Dettagli Bibliografici
Ente Autore: Ruz y Vukasovic Ingenieros Asociados Ltda (Autore)
Natura: Libro
Lingua:spagnolo
Pubblicazione: Santiago Ruz y Vukasovic Ingenieros Asociados Ltda 2005
Soggetti:
Tags: Aggiungi Tag
Nessun Tag, puoi essere il primo ad aggiungerne!!

MARC

LEADER 00000nam a2200000 a 4500
001 UCK9990
003 CL-VaPUC
008 060623e20050300CL |||||||||||||||||spa|d
082 0 4 |a 363.731  |b RUZ  |2 21 
110 2 |a Ruz y Vukasovic Ingenieros Asociados Ltda  |e author  |9 499993 
245 1 0 |a Declaración de impacto ambiental: Manejo de riels de la bodega de vinos Loma Larga. Sistema de disposición de residuos industriales líquidos y sólidos. Adenda N§ 1. Fundo Loma Larga, ruta 68, comuna de Casablanca, provincia de Valparaíso, V región 
300 |a Pág. irreg 
942 |c BK 
945 |d 20060623 00:00:00  |a cmena 
260 |a Santiago  |b Ruz y Vukasovic Ingenieros Asociados Ltda  |c 2005 
500 |a Incluye anexos y planos 
600 0 7 |a CONAMA  |2 CL-VaPUC  |9 499994 
650 0 |a Industria vitivinícola   |9 426235 
650 0 |a Impacto ambiental  |9 262796 
650 0 |a Residuos sólidos   |9 367336 
650 0 |a Residuos líquidos   |9 402832 
650 0 |a Contaminación ambiental  |9 314181 
650 0 |a Protección del medio ambiente  |9 257626 
651 7 |a CASABLANCA  |2 CL-VaPUC  |9 499995 
651 0 |a Región 05  |9 267528 
583 |a last modification  |c 20060623 00:00:00  |k Rodrigo Vera 
999 |c 316988  |d 316986 
952 |0 0  |1 0  |4 0  |6 363_731000000000000_RUZ_2005  |7 0  |8 A  |9 392647  |a BIBING  |b BIBING  |d 2019-11-22  |i 4238516  |o 363.731 RUZ 2005  |p 4238516  |r 2025-01-20  |w 2019-11-22  |y BK  |k CCL